000 00381nam a2200169Ia 4500
001 19443
003 IN-NITTTR
005 20251114233224.0
008 251113s9999||||xx |||||||||||||| ||eng||
040 _beng
040 _cIN-NITTTR
041 _aeng
082 _a891.431 P886K
100 _aPrasad, Jaishankar
245 0 _aKamayani. /
_cPrasad, Jaishankar
942 _2ddc
_cBK
999 _c22077
_d22077